000 00287nam a22001337a 4500
008 170929b xxu||||| |||| 00| 0 eng d
020 _a9780791412862
041 _aeng
080 _a37
100 _a47
101 _aEDU
245 _aBEYOND SILENCED VOICES
_cWEIS,L
942 _2udc
_cBK
999 _c30647
_d30647